000 00420nam a22001697a 4500
003 MACL
005 20160730132236.0
008 160730b xxu||||| |||| 00| 0 eng d
040 _cMACL
041 _aEnglish
082 _a910 VEG
100 _aVegad, Amritlal
_965785
245 _aNarmada River Of Joy
_cAmritlal Vegad
260 _aIndore
_bBanyan Tree
_c2014
650 _aGeography
_965786
942 _2ddc
_cBK
999 _c55334
_d55334